| 000 | 00723nam a22002057a 4500 | ||
|---|---|---|---|
| 999 |
_c10943 _d10943 |
||
| 003 | AR-CdUCM | ||
| 008 | 190402b ||||| |||| 00| 0 spa d | ||
| 020 | _a9972-1-0151-7 | ||
| 040 |
_aMUNICIPALIDAD PROVINCIAL DEL CUSCO _cBIBLIOTECA MUNICIPAL DEL CUSCO |
||
| 082 |
_aES / 373.530 / _bC77 |
||
| 100 |
_aCórdova Prado, J. Luis _928022 |
||
| 245 |
_aFísica : _bTeoría y experimentos / |
||
| 260 |
_aLima : _bBruño, |
||
| 300 |
_a352 paginas _c28 cm. |
||
| 505 | _aContenido :La física, sistemas de unidades y análisis dimensional -- Vectores -- Magnetismo -- Electricidad -- Física moderna ... | ||
| 650 |
_aFísica moderna _922495 |
||
| 650 |
_aFísica y moderna _928023 |
||
| 942 |
_2ddc _cLIBROS |
||
| 945 | _arum | ||